Building Strong Brands (Record no. 326128)

MARC details
000 -LEADER
fixed length control field 00446nam a2200169Ia 4500
008 - FIXED-LENGTH DATA ELEMENTS--GENERAL INFORMATION
fixed length control field 230718s9999 xx 000 0 und d
020 ## - INTERNATIONAL STANDARD BOOK NUMBER
International Standard Book Number 9780743232135
041 ## - LANGUAGE CODE
Language code of text/sound track or separate title eng
082 ## - DEWEY DECIMAL CLASSIFICATION NUMBER
Classification number 658.8'27
Item number AAK
100 ## - MAIN ENTRY--PERSONAL NAME
Personal name Aaker D.A.
9 (RLIN) 107990
245 ## - TITLE STATEMENT
Title Building Strong Brands
260 ## - PUBLICATION, DISTRIBUTION, ETC. (IMPRINT)
Date of publication, distribution, etc. 2002
Name of publisher, distributor, etc. Free Press
300 ## - PHYSICAL DESCRIPTION
Extent 380
365 ## - TRADE PRICE
Currency code Rs.
Price amount 737.00
700 ## - ADDED ENTRY--PERSONAL NAME
Personal name Aaker D.A.
9 (RLIN) 107990
906 ## - LOCAL DATA ELEMENT F, LDF (RLIN)
d O:0120025-Oct-2010B:557528-Sep-2010
c MGMT
b 184.25
Holdings
Withdrawn status Lost status Damaged status Not for loan Home library Current library Date acquired Vendor Budget Code Cost, normal purchase price Bill number Total Checkouts Full call number Barcode Date last seen Discount Cost, replacement price Bill Date Koha item type Original Barcode
        Cummins College of Engineering for Women Pune Cummins College of Engineering for Women Pune 25/10/2010 Tbs MGMT 552.75 5575   658.8'27 CCEP-BK-37335 18/07/2023 184.25 737.00 28/09/2010 Books 037335